Proceso penal : sistema acusatorio adversarial. /
Guardado en:
| Autor Principal: | |
|---|---|
| Formato: | Libro |
| Idioma: | Spanish |
| Publicado: |
Santa Fe :
Rubinzal Culzoni,
2015.
|
| Edición: | 1a. ed. revisada. |
| Materias: | |
| Etiquetas: | Agregar Etiqueta |
| LEADER | 00496nam a22001575a 4500 | ||
|---|---|---|---|
| 001 | DER.der013937 | ||
| 008 | 190903s2015####ag#||||||||||||||#||spa|| | ||
| 005 | 20251215104030.0 | ||
| 245 | 1 | 0 | |a Proceso penal : |b sistema acusatorio adversarial. / |c Eduardo M. Jauchen. |
| 250 | |a 1a. ed. revisada. | ||
| 260 | |a Santa Fe : |b Rubinzal Culzoni, |c 2015. | ||
| 300 | |a 813 p. | ||
| 020 | |a 9789873006227 | ||
| 100 | 1 | |a Jauchen, Eduardo M. | |
| 650 | 7 | |a DERECHO PROCESAL PENAL | |
| 859 | |a DERECHO |b BIB. DERECHO |h 345.05 |i JAU |p 009108 | ||
